Mariano Marcos State University

University Library System

Socio-economic impacts of quarrying at the Padsan river along San Nicolas, Ilocos Norte (Record no. 9549)

MARC details
000 -LEADER
fixed length control field 00578nam a22001577a 4500
003 - CONTROL NUMBER IDENTIFIER
control field OSt
005 - DATE AND TIME OF LATEST TRANSACTION
control field 20171010095441.0
008 - FIXED-LENGTH DATA ELEMENTS--GENERAL INFORMATION
fixed length control field 120608t xxu||||| |||| 00| 0 eng d
040 ## - CATALOGING SOURCE
Original cataloging agency MMSU
Transcribing agency ULS
100 ## - MAIN ENTRY--PERSONAL NAME
Personal name Abiva, Mhelwin M.
9 (RLIN) 10121
245 ## - TITLE STATEMENT
Title Socio-economic impacts of quarrying at the Padsan river along San Nicolas, Ilocos Norte
Statement of responsibility, etc. Mhelwin M. Abiva
300 ## - PHYSICAL DESCRIPTION
Extent [xii], 46 leaves
Dimensions 28 cm.
500 ## - GENERAL NOTE
General note Thesis (BS Environmental Science) -- Mariano Marcos State University-College of Arts and Sciences, Batac City
504 ## - BIBLIOGRAPHY, ETC. NOTE
Bibliography, etc. note Bibliography: leaf 33
942 ## - ADDED ENTRY ELEMENTS (KOHA)
Source of classification or shelving scheme
Koha item type Thesis/Dissertation
Holdings
Withdrawn status Lost status Source of classification or shelving scheme Damaged status Not for loan Home library Current library Date acquired Total Checkouts Barcode Date last seen Price effective from Koha item type Public note
          REF REF 06/08/2012   3343-Un 10/10/2017 10/10/2017 Thesis/Dissertation Library Use only

© 2023 Mariano Marcos State University. All Rights Reserved.

Powered by Koha